Vykazovanie dlhodobého hmotného majetku v účtovnej závierke podľa IAS/IFRS
Identifikácia (uznanie) dlhodobého hmotného majetku podľa IAS 16. Oceňovanie dlhodobého hmotného majetku podľa IAS 16. Odpisy a zníženie hodnoty dlhodobého hmotného majetku podľa IAS 16. Ukončenie vykazovania dlhodobého hmotného majetku podľa IAS 16. Zverejnenie dlhodobého hmotného majetku podľa IAS...
Salvato in:
| Autore principale: | |
|---|---|
| Natura: | Capitolo di libro |
| Lingua: | slovacco |
| Soggetti: | |
| Tags: |
Nessun Tag, puoi essere il primo ad aggiungerne!!
|
MARC
| LEADER | 00000naa$a2200000$$$4500 | ||
|---|---|---|---|
| 001 | 0056220 | ||
| 005 | 20240502071634.7 | ||
| 041 | 0 | |a slo | |
| 044 | |a SK | ||
| 245 | 1 | 0 | |a Vykazovanie dlhodobého hmotného majetku v účtovnej závierke podľa IAS/IFRS |c Anna Baštincová |
| 520 | |a Identifikácia (uznanie) dlhodobého hmotného majetku podľa IAS 16. Oceňovanie dlhodobého hmotného majetku podľa IAS 16. Odpisy a zníženie hodnoty dlhodobého hmotného majetku podľa IAS 16. Ukončenie vykazovania dlhodobého hmotného majetku podľa IAS 16. Zverejnenie dlhodobého hmotného majetku podľa IAS 16. Príklady. | ||
| 610 | 2 | 0 | |a majetok hmotný |
| 610 | 2 | 0 | |a majetok dlhodobý |
| 610 | 2 | 0 | |a oceňovanie |
| 610 | 2 | 0 | |a odpisy |
| 610 | 2 | 0 | |a jednotka účtovná |
| 610 | 2 | 0 | |a IAS 16 |
| 100 | 1 | |a Baštincová, Anna | |